| 000 | 00711nam a2200181Ia 4500 | ||
|---|---|---|---|
| 008 | 100920s9999 xx 000 0 und d | ||
| 082 |
_b106863 _a24 न 09 |
||
| 100 | _aठाकूर भारती. | ||
| 245 | _aनर्मदा परिक्रमा एक अंतर्यात्रा. | ||
| 260 |
_bगौतमी प्रकाशन,मुंबई. _c2009 |
||
| 300 |
_a264 _bसाधी |
||
| 365 | _b200 | ||
| 520 | _aसायो. | ||
| 630 | _aनर्मदा परिक्रमा एक अंतर्यात्रा. | ||
| 650 | _aसायो. | ||
| 730 | _aनर्मदा परिक्रमा एक अंतर्यात्रा. | ||
| 942 | _cBOOK | ||
| 999 |
_c747288 _d747285 |
||